| 000 | 00585nam a2200193 a 4500 | ||
|---|---|---|---|
| 005 | 20140310183431.0 | ||
| 008 | 080109s19uu xx 00 eng d | ||
| 020 | _a8173918279 | ||
| 050 |
_aTX 911.3.M27 _b.G562 2006 |
||
| 245 |
_aGlobal sourcebook on hospitality management / _cedited by Mridula Mirajkar. |
||
| 260 |
_aNew Delhi : _bKanishka Publishers, _c2006. |
||
| 300 |
_a348 p. : _c25 cm. |
||
| 521 | _aTOU | ||
| 650 | _aHospitality industry. | ||
| 650 | _aHospitality management. | ||
| 650 |
_aHospitality industry _xManagement. |
||
| 942 |
_cBK _2lcc _kFOR |
||
| 999 |
_c22744 _d22744 |
||